Diez estudios sobre inteligencia y excepcionalidad / Julian De Zuberia Samper (Registro nro. 20146)

Detalles MARC
000 -LEADER
fixed length control field 00802nam a2200265Ia 4500
001 - CONTROL NUMBER
control field 21322
003 - CONTROL NUMBER IDENTIFIER
control field DO-CoUTE
005 - DATE AND TIME OF LATEST TRANSACTION
control field 20260204212533.0
008 - FIXED-LENGTH DATA ELEMENTS--GENERAL INFORMATION
fixed length control field 220104s9999 dr 000 0 spa d
020 ## - INTERNATIONAL STANDARD BOOK NUMBER
International Standard Book Number 958-20-0705-2
040 ## - CATALOGING SOURCE
Original cataloging agency DO-CoUTE
Language of cataloging spa
Transcribing agency DO-CoUTE
041 0# - LANGUAGE CODE
Language code of text/sound track or separate title spa
082 ## - DEWEY DECIMAL CLASSIFICATION NUMBER
Classification number 153.9 Z93d
100 1# - MAIN ENTRY--PERSONAL NAME
Personal name De Zuberia Samper, Julian
245 10 - TITLE STATEMENT
Title Diez estudios sobre inteligencia y excepcionalidad / Julian De Zuberia Samper
260 ## - PUBLICATION, DISTRIBUTION, ETC.
Place of publication, distribution, etc. Bogotá, Colombia : Cooperativa Editorial Magisterio
300 ## - PHYSICAL DESCRIPTION
Extent 256 páginas
490 ## - SERIES STATEMENT
Series statement Colección Aula Abierta
650 #4 - SUBJECT ADDED ENTRY--TOPICAL TERM
Topical term or geographic name entry element Desarrollo de la Inteligencia
650 #4 - SUBJECT ADDED ENTRY--TOPICAL TERM
Topical term or geographic name entry element Inteligencia - Estudios
650 #4 - SUBJECT ADDED ENTRY--TOPICAL TERM
Topical term or geographic name entry element Niños Excepcionales
942 ## - ADDED ENTRY ELEMENTS (KOHA)
Source of classification or shelving scheme Dewey Decimal Classification
Koha item type Libros

No hay ítems disponibles.

© 2021 Derechos Reservados UTECO - Teléfono: +1 809-585-2291 - Correo electrónico: biblioteca@uteco.edu.do​  
Código postal 43000 ​​
Dirección: Avenida Universitaria No. 100, 
Cotuí, Provincia Sánchez Ramírez, República Dominicana - RNC: 404-00059-6